000 00934nam a22002657a 4500
001 3947
003 FISKH
005 20240529084845.0
008 240527b cb ||||| |||| 00| 0 eng d
020 _a9780380754847
040 _aFISK
_beng
_cFISK
_dFISK
050 _aPZ7.S1185
082 _a813.54
100 _aSachar Louis
_d1954-
245 _aWayside school is falling down /
_cLouis Sachar
260 _aNew York :
_bHarperTrophy,
_c2004
300 _a179 pages :
_billustrations ;
_c20 cm
505 _aF
520 _aMore humorous episodes from the classroom on the thirtieth floor of Wayside School, where students learn to tango, face the cafeteria's dreaded Mushroom Surprise, and study a hobo during show and tell. Sequel to "Sideways Stories from Wayside School."
521 8 _a440
_bLexile
521 8 _aF
_bRaz-Plus
700 _aLouis Sachar
942 _2ddc
_cBK
_n0
999 _c3947
_d3947